000 00446nam a2200145Ia 4500
008 240729s9999 xx 000 0 und d
022 _a2588-5375
245 0 _aInternational Journal of Biomedicine and Public Health
260 _aIran, Islamic Republic of
260 _bNegah Institute for Scientific Communication
650 _aMedicine
856 _uhttps://doaj.org/toc/a57861e4a26f4203bc6cf78b5601ff60
942 _2ddc
942 _cDOAJEJ
999 _c66334
_d66334
945 _a1
_bMadushi Gamage
_c1
_dMadushi Gamage